<?xml version="1.0" encoding="UTF-8"?><?xml-stylesheet type="text/xsl" href="static/style.xsl"?><OAI-PMH xmlns="http://www.openarchives.org/OAI/2.0/" xmlns:xsi="http://www.w3.org/2001/XMLSchema-instance" xsi:schemaLocation="http://www.openarchives.org/OAI/2.0/ http://www.openarchives.org/OAI/2.0/OAI-PMH.xsd"><responseDate>2026-04-13T01:01:45Z</responseDate><request verb="GetRecord" identifier="oai:www.recercat.cat:10256/14210" metadataPrefix="marc">https://recercat.cat/oai/request</request><GetRecord><record><header><identifier>oai:recercat.cat:10256/14210</identifier><datestamp>2024-06-18T12:17:04Z</datestamp><setSpec>com_2072_452955</setSpec><setSpec>com_2072_2054</setSpec><setSpec>col_2072_453069</setSpec></header><metadata><record xmlns="http://www.loc.gov/MARC21/slim" xmlns:dcterms="http://purl.org/dc/terms/" xmlns:xsi="http://www.w3.org/2001/XMLSchema-instance" xmlns:doc="http://www.lyncode.com/xoai" xsi:schemaLocation="http://www.loc.gov/MARC21/slim http://www.loc.gov/standards/marcxml/schema/MARC21slim.xsd">
   <leader>00925njm 22002777a 4500</leader>
   <datafield ind2=" " ind1=" " tag="042">
      <subfield code="a">dc</subfield>
   </datafield>
   <datafield ind2=" " ind1=" " tag="720">
      <subfield code="a">Soler i Masó, Josep</subfield>
      <subfield code="e">author</subfield>
   </datafield>
   <datafield ind2=" " ind1=" " tag="720">
      <subfield code="a">Boada, Imma</subfield>
      <subfield code="e">author</subfield>
   </datafield>
   <datafield ind2=" " ind1=" " tag="720">
      <subfield code="a">Prados Carrasco, Ferran</subfield>
      <subfield code="e">author</subfield>
   </datafield>
   <datafield ind2=" " ind1=" " tag="720">
      <subfield code="a">Poch Garcia, Jordi</subfield>
      <subfield code="e">author</subfield>
   </datafield>
   <datafield ind2=" " ind1=" " tag="260">
      <subfield code="c">2017</subfield>
   </datafield>
   <datafield ind2=" " ind1=" " tag="520">
      <subfield code="a">Automatic correction of problems that are solved using diagrams through educational platforms is of great importance, especially in the field of engineering studies. In this paper, we present a new strategy to automatically assess diagrams. The proposed approach is described in detail as well as its application to assess entity/relationship diagrams used in the conceptual design of databases. The results indicate that the differences between manual and automatic assessment is less than 075 points over a total of ten which confirms the validity of the proposed approach. As a conclusion, the validity of the proposed method to assess entity/relationship diagrams reducing teacher correction time and unifying applied correction criteria is corroborated</subfield>
   </datafield>
   <datafield ind2=" " ind1=" " tag="520">
      <subfield code="a">La corrección automática de diagramas a través de plataformas educativas es de gran importancia, especialmente en el ámbito de los estudios de Ingeniería. El objetivo de este artículo es presentar un nuevo enfoque para la puntuación automática de estos diagramas. Se presenta un nuevo método de forma genérica y su aplicación a la puntuación de diagramas entidad/relación utilizados en el diseño conceptual de bases de datos. Los resultados obtenidos nos indican que las diferencias entre la puntuación obtenida de forma automática y la obtenida a partir de la corrección manual por parte del profesor no exceden en ningún caso de 0.75 puntos sobre un total de diez. Como conclusión, se corrobora la validez del método propuesto para los diagramas entidad/relación facilitando un ahorro considerable de tiempo a los profesores al no tener que corregirlos, ni puntuarlos</subfield>
   </datafield>
   <datafield ind1="8" ind2=" " tag="024">
      <subfield code="a">http://hdl.handle.net/10256/14210</subfield>
   </datafield>
   <datafield tag="653" ind2=" " ind1=" ">
      <subfield code="a">Ensenyament assistit per ordinador</subfield>
   </datafield>
   <datafield tag="653" ind2=" " ind1=" ">
      <subfield code="a">Computer-assisted instruction</subfield>
   </datafield>
   <datafield tag="653" ind2=" " ind1=" ">
      <subfield code="a">Tecnologia educativa</subfield>
   </datafield>
   <datafield tag="653" ind2=" " ind1=" ">
      <subfield code="a">Educational technology</subfield>
   </datafield>
   <datafield tag="653" ind2=" " ind1=" ">
      <subfield code="a">Tests i proves en educació</subfield>
   </datafield>
   <datafield tag="653" ind2=" " ind1=" ">
      <subfield code="a">Educational tests and measurements</subfield>
   </datafield>
   <datafield ind2="0" ind1="0" tag="245">
      <subfield code="a">Un Nuevo Enfoque para la Puntuación Automática de Problemas cuya Resolución se basa en Diagramas = A New Approach to Automatically Evaluate Problems that are Solved using Diagrams</subfield>
   </datafield>
</record></metadata></record></GetRecord></OAI-PMH>